| 000 -LEADER |
| fixed length control field |
01071cam a2200229Ii 4500 |
| 020 ## - INTERNATIONAL STANDARD BOOK NUMBER |
| ISBN |
9781413319934 (pbk.) |
| 020 ## - INTERNATIONAL STANDARD BOOK NUMBER |
| ISBN |
1413319939 (pbk.) |
| 022 0# - INTERNATIONAL STANDARD SERIAL NUMBER |
| ISSN |
2331-7027 |
| 040 ## - CATALOGING SOURCE |
| Transcribing agency |
QBX |
| 082 04 - DEWEY DECIMAL CLASSIFICATION NUMBER |
| Classification number |
345 NOL 2013 A114 Or. |
| 082 14 - DEWEY DECIMAL CLASSIFICATION NUMBER |
| Classification number |
345.73 |
| 100 1# - MAIN ENTRY--AUTHOR NAME |
| Personal name |
Bergman, Paul, |
| 245 10 - TITLE STATEMENT |
| Title |
Criminal law : |
| Remainder of title |
a desk reference / |
| 250 ## - EDITION STATEMENT |
| Edition statement |
2nd edition. |
| 300 ## - PHYSICAL DESCRIPTION |
| Number of Pages |
401 pages ; |
| Dimensions |
23 cm |
| 520 ## - SUMMARY, ETC. |
| Summary, etc |
"Unravels the mysteries of criminal law with a plain-English style that incorporates real-life examples, famous films and entertaining hypotheticals. Arranged from A to Z, this desk reference explains criminal law, from abuse excuse to writ of habias corpus"--Provided by publisher. |
| 650 #0 - SUBJECT ADDED ENTRY--TOPICAL TERM |
| Topical Term |
Criminal law |
| 650 #0 - SUBJECT ADDED ENTRY--TOPICAL TERM |
| Topical Term |
Criminal procedure |
| 650 #0 - SUBJECT ADDED ENTRY--TOPICAL TERM |
| Topical Term |
Criminal justice, Administration of |
| 856 40 - ELECTRONIC LOCATION AND ACCESS |
| Uniform Resource Identifier |
http://web.a.ebscohost.com.lib.pepperdine.edu/lirc/results?sid=2462fce2-c405-4e00-85ab-253c0acc0038%40sessionmgr4001&vid=32&hid=4114&bquery=JN+%22Criminal+Law%3a+Desk+Reference%22+AND+DT+20131201&bdata=JnR5cGU9MCZzaXRlPWxpcmMtbGl2ZQ%3d%3d |
| 942 ## - ADDED ENTRY ELEMENTS (KOHA) |
| Koha item type |
ADB |
| 952 ## - LOCATION AND ITEM INFORMATION (KOHA) |
| Withdrawn status [LOCAL, KOHA] |
0 |
| 952 ## - LOCATION AND ITEM INFORMATION (KOHA) |
| Withdrawn status [LOCAL, KOHA] |
0 |